| 000 | 00517nam a2200169 i 4500 | ||
|---|---|---|---|
| 001 | 79791 | ||
| 003 | ES-MaACL | ||
| 005 | 20250730063113.0 | ||
| 007 | t| | ||
| 008 | 041025s1922 sp ||||1| spa d | ||
| 100 | 1 |
_aHerrero de Egaña, Andrés, _d1888-1981 _963310 |
|
| 245 | 1 | 3 |
_aLa metalografía y los laboratorios siderúrgicos / _cAndrés Herrero Egaña. |
| 260 |
_aMadrid : _bArtes de la Ilustración, _c1922. |
||
| 300 |
_a31 p. ; _c24 cm. |
||
| 852 |
_aES-MaACL _j1771-F-4 |
||
| 999 |
_c79791 _d79791 |
||